Đảng Cộng sản Việt Nam - mười mốc son lịch sử /

Bewaard in:
Bibliografische gegevens
Hoofdauteur: Phạm Gia Đức
Andere auteurs: Lê Hải Triều
Formaat: Sách giấy
Taal:Vietnamese
Gepubliceerd in: H. : Quân đội Nhân dân, 2001
Tags: Voeg label toe
Geen labels, Wees de eerste die dit record labelt!
Thư viện lưu trữ: Thư viện Trường Đại học Đà Lạt
LEADER 00755nam a2200289 4500
001 DLU030021020
003 ##DLU
005 ##20021230
008 ##021230t vn z000 vie d
040 # # |a DLU  |b vie 
041 # # |a vie 
044 # # |a vn 
082 # # |a 324.259 775  |b PH-D 
100 # # |a Phạm Gia Đức 
245 # # |a Đảng Cộng sản Việt Nam - mười mốc son lịch sử /  |c Phạm Gia Đức, Lê Hải Triều 
260 # # |a H. :  |b Quân đội Nhân dân,  |c 2001 
300 # # |a 150 tr. ;  |c 20 cm 
700 # # |a Lê Hải Triều 
992 # # |a 17000 
994 # # |a DLU 
900 # # |a True 
911 # # |a Thái Thị Thanh Thủy 
925 # # |a G 
926 # # |a A 
927 # # |a SH 
980 # # |a Thư viện Trường Đại học Đà Lạt